00918nam a2200265 a 450000100060000000300080000600500170001400800410003102000150007203500190008704000270010604100080013308200260014110000220016724500450018926000370023430000270027149000540029850400410035265000350039383000620042894200120049099900170050295201330051969700BD-RjUL20211209081921.0170413s1972 nyu b 001 0 eng d a0070511551 a(BD-RjUL)69912 aDLCcDLCdBD-RjULbeng aeng00223a001.433bRAD 19721 aRaj, Des.920645314aThe design of sample surveys /cDes Raj. aNew York :bMcGraw-Hill,cc1972. axvii, 390 p. ;c24 cm.0 aMcGraw-Hill series in probability and statistics. aIncludes bibliographies and indexes. 0aSampling (Statistics).9153382 aMcGraw-Hill series in probability and statistics.9136442 2ddccBK c69700d69700 00102ddc40718NFICaRUCLbRUCLcReadingd1973-10-24eU.S. Gov.l0o001.433 RAD 1972r2017-04-13 00:00:00tC-1w2017-04-13yBK